| 000 | 02587nam a2200325 i 4500 | ||
|---|---|---|---|
| 001 | 768714001 | ||
| 003 | CO-MdFUSB | ||
| 005 | 20250711094426.0 | ||
| 007 | ta | ||
| 008 | 250707t2024 ck |||| |||| 00| 0 spa d | ||
| 020 | _a9786289627145 | ||
| 040 |
_aCO-MdFUSB _bspa _cCO-MdFUSB _dCO-MdFUSBC _erda |
||
| 041 | _aspa | ||
| 082 |
_223 _a378.9861 _bC392 |
||
| 110 | _aFundación Universitaria Seminario Bíblico de Colombia, | ||
| 245 | 1 |
_aCelebramos la fidelidad de Dios : _b80 años de la Fundación Universitaria Seminario Bíblico de Colombia - Historia viva |
|
| 250 | _aprimera edición | ||
| 264 | 1 |
_bPublicaciones SBC, _aMedellín, Colombia : _c[2024] |
|
| 264 | 4 | _c©2024 | |
| 300 |
_a152 páginas _c; 22 cm |
||
| 336 |
_2rdacontent _atexto _btxt |
||
| 337 |
_2rdamedia _asin mediación _bn |
||
| 338 |
_2rdacarrier _avolumen _bnc |
||
| 505 |
_tHistoria de Rectores: _aManuel Reaño. -- Elizabeth Sendek. -- Luis Eduardo Ramírez. _tHistoria de Vicerrectores académicos y Decanos: _aRandy Spacht. -- Fernando Mosquera. -- Gerardo van Ek. -- Andrew Fields. -- Jhohan Centeno. |
||
| 520 | _aEl presente libro es una obra conmemorativa que narra la historia del anteriormente llamado Seminario Bíblico de Colombia (SBC, por sus siglas) y ahora llamado Fundación Universitaria Seminario Bíblico de Colombia (FUSBC, por sus siglas) tanto a nivel nacional como a nivel global. A través de las anécdotas contadas por sus Rectores, Vicerrectores académicos y Decanos, el texto recorre los hitos, desafíos y logros gestados por la Institución, desde su origen en 1944 hasta su consolidación actual en el país. Cada historia narra cómo la Institución se ha adaptado y evolucionado, enfrentando dificultades financieras, cambios legislativos y la necesidad de una transformación académica. Destaca además las aportaciones de sus líderes y colaboradores, quienes han trabajado para ofrecer programas de Teología y capacitación en diversas modalidades, beneficiando tanto a estudiantes nacionales como internacionales. Pero la obra no se queda ahí; también invita a los lectores a reflexionar sobre la importancia de la educación teológica en el desarrollo de líderes cristianos y en la contribución a la sociedad, subrayando la presencia de Dios en el progreso de la institución y en la vida de aquellos que han pasado por ella. Dios ha sido y sigue siendo fiel, y estos 80 años son una historia viva que celebra esta verdad. Solo a él la gloria. | ||
| 563 | _aRústico | ||
| 653 | _aSociedad y cristianismo | ||
| 942 | _cBK | ||
| 945 | _aJTF-925 | ||
| 999 |
_c71367 _d71367 |
||